LEADER 01118nam0 2200325 450 001 000007909 005 20070528105021.0 010 $a88-150-8219-0 100 $a20070528d2001----km-y0itay50------ba 101 1 $aita 102 $aIT 105 $ay-------001yy 200 1 $aFenomenologia del potere$eautorità, dominio, violenza, tecnica$fHeinrich Popitz$gedizione italiana a cura di Sergio Cremaschi$gtrad. di Paolo Volonté e Luca Burgazzoli 205 $aNuova ed.$bEdizione italiana$fa cura di Sergio Cremaschi 210 $aBologna$cIl Mulino$d2001 215 $a216 p.$d21 cm 225 2 $aUniversale Paperbacks Il mulino$v241 410 0$12001$aUniversale Paperbacks Il mulino 454 1$12001$aPhänomene der Macht$936122 610 1 $aPotere$aSociologia 676 $a303.3$v20 700 1$aPopitz,$bHeinrich$0129071 702 1$aCremaschi,$bSergio 702 1$aVolonté,$bPaolo 702 1$aBurgazzoli,$bLuca 801 0$aIT$bUNIPARTHENOPE$c20070528$gRICA$2UNIMARC 912 $a000007909 951 $aC-0032$b39521$cNAVA3$d2007 996 $aPhänomene der Macht$936122 997 $aUNIPARTHENOPE LEADER 01341nam2 2200337 i 450 001 CFI0639360 005 20231121125455.0 010 $a8837304404 020 $aIT$b2005-8938 100 $a20171026d2004 ||||0itac50 ba 101 | $aita 102 $ait 181 1$6z01$ai $bxxxe 182 1$6z01$an 200 1 $a˜4: œ1934-1944$fSilvio D'Amico 210 $aPalermo$cNovecento$d©2004$hstampa 2005 215 $a3 v. (785 p. compless.)$c3 ritr.$d20 cm 300 $aIn custodia. 461 1$1001CFI0526598$12001 $aCronache 1914-1955$fSilvio d'Amico$gantologia a cura di Alessandro d'Amico e Lina Vito$gintroduzioni di Gianfranco Pedullà$gnote, bibliografia e indici a cura di Lina Vito$v4 463 1$1001CFI0639362$12000 $a1: 1934-1936$fSilvio D'Amico$v1 463 1$1001CFI0639364$12000 $a2: 1937-1941$fSilvio D'Amico$v2 463 1$1001CFI0639366$12000 $a3: 1942-1944$fSilvio D'Amico$v3 700 1$aD'Amico$b, Silvio$3CFIV104343$4070$036359 801 3$aIT$bIT-01$c20171026 850 $aIT-FR0017 899 $aBiblioteca umanistica Giorgio Aprea$bFR0017 912 $aCFI0639360 950 2$aBiblioteca umanistica Giorgio Aprea$d 52MAG 9/691-4.2$d 52MAG 9/691-4.3$d 52MAG 9/691-4.1 977 $a 52 996 $a1934-1944$93606266 997 $aUNICAS